| 000 | 00880nam a2200241 4500 | ||
|---|---|---|---|
| 008 | 170804b xxu||||| |||| 00| 0 eng d | ||
| 020 | _a0-02-824486-9 | ||
| 082 |
_21995 _aDC 372.7 _bIn8 |
||
| 100 |
_921635 _aFoster, David |
||
| 245 |
_aInteractive mathematics. Units 7-12 : _bactivities & investigations/ _cDavid Foster [and five others] |
||
| 260 |
_aNew York, N.Y. : _bGlencoe/Macmillan/McGraw-Hill, _c©1995. |
||
| 300 |
_axviii, 272 pages : _bcolor illustrations ; _c26 cm |
||
| 650 | 0 |
_921636 _aMathematics -- Study and teaching (Secondary) |
|
| 650 | 0 |
_921637 _aMathematics -- Problems, exercises, etc. |
|
| 650 | 0 |
_921638 _aMathematics. |
|
| 700 |
_921639 _aGilliam, Sandie |
||
| 700 |
_921640 _aPrice, Jack |
||
| 700 |
_921641 _aMcClain, Kay |
||
| 700 |
_921642 _aMartinez, Barney |
||
| 700 |
_921643 _aDritsas, Linda |
||
| 365 |
_b1,792.00 _cPhp |
||
| 942 |
_2ddc _cDC |
||
| 999 |
_c7161 _d7161 |
||